Entry Personal Name
Number of records used in: 2
001 - CONTROL NUMBER
003 - CONTROL NUMBER IDENTIFIER
005 - DATE AND TIME OF LATEST TRANSACTION
- control field:
20200318163929.0
008 - FIXED-LENGTH DATA ELEMENTS
- fixed length control field:
200318|| aca||aabn | a|a d
040 ## - CATALOGING SOURCE
- Original cataloging agency:
OSt
- Transcribing agency:
OSt
100 ## - HEADING--PERSONAL NAME
- Personal name:
PILLAI, K.K
670 ## - SOURCE DATA FOUND
- Source citation:
Work cat.: (OSt): PILLAI, K.K, BIOCHEMISTRY AND CLINICAL PATHOLOGY , 2019